000 00256nam a22001097a 4500
008 170119b xxu||||| |||| 00| 0 eng d
020 _a9780130941558
041 _aeng
080 _a618.2
245 _aGERONTOLOGICAL NURSING
_cTABLOSKI, P.A
942 _2udc
_cBK
999 _c3152
_d3152